| 000 | 00697cab a2200253 4500 | ||
|---|---|---|---|
| 001 | ABS56725 | ||
| 008 | 090401t1997 xxu||||| |||| 00| 0 eng d | ||
| 035 | _a(Sirsi) u77206 | ||
| 041 | _aeng | ||
| 100 | _aWhite, M. | ||
| 245 | 4 | _aThe market for energy efficient homes | |
| 260 | _c1997 | ||
| 350 | _a0 | ||
| 490 |
_aCSM (Chartered Surveyor Monthly) _v6(6) March 1997, 30(1) |
||
| 520 | _aConsiders the market in energy efficient homes and the need for government support. | ||
| 650 | _aATTITUDES | ||
| 650 | _aDOMESTIC PROPERTY | ||
| 650 | _aENERGY EFFICIENCY | ||
| 650 | _aENERGY EFFICIENT HOMES | ||
| 650 | _aMARKET | ||
| 690 | _aHOUSING | ||
| 942 | _n0 | ||
| 948 | _c19/03/1997 | ||
| 999 |
_c48528 _d48528 |
||